Scoreboard for the surveillance of macroeconomic imbalances /

Uloženo v:
Podrobná bibliografie
Korporativní autor: European Commission, Directorate-General for Economic and Financial Affairs (Brussels, Belgium) (Původce)
Médium: Kniha
Jazyk:angličtina
Vydáno: Luxembourg : Publications Office of the European Union, 2012
Edice:European economy : occasional papers ; 92
Témata:
ISBN:9789279228599
ISSN:1725-3195
On-line přístup: Získat plný text
Tagy: Přidat tag
Žádné tagy, Buďte první, kdo vytvoří štítek k tomuto záznamu!

MARC

LEADER 00000nam a2200000 4500
003 SK-BrCVT
005 20220618073134.0
006 a####e######000#0#
008 120420s2012 lu ####e######000#0#eng#d
020 |a 9789279228599   |q (brož.) 
022 |a 1725-3195 
035 |a CVTIDW0012909 
040 |a CVTISR  |b slo  |c CVTISR  |e AACR2 
041 0 |a eng 
044 |a lu  |c LU 
080 |a 33(4)  |2 2008 
080 |a 336.27  |2 2008 
110 1 |a European Commission, Directorate-General for Economic and Financial Affairs (Brussels, Belgium)  |4 org 
245 1 0 |a Scoreboard for the surveillance of macroeconomic imbalances /  |c European Commission 
260 |a Luxembourg :  |b Publications Office of the European Union,  |c 2012 
300 |a 32 s. :  |b lit., tab. ;  |c 30 cm 
490 0 |a European economy : occasional papers ;  |v 92 
653 1 |a európska ekonomika 
653 1 |a makroekonomická nerovnováha 
653 1 |a medzinárodné investície 
653 1 |a mzdové náklady 
653 1 |a súkromný sektor 
653 1 |a štátny dlh 
655 7 |a prehľady  |2 SNKPH 
760 1 |t European economy : occasional papers ;  |g 92 
852 |a CVTISR  |b 1 
856 4 |u http://ec.europa.eu/economy_finance/publications/occasional_paper/2012/pdf/ocp92_en.pdf 
910 |b DK02783 
919 |a 978-92-79-22859-9 
959 |a 1010 
959 |a 03 
974 |a maria.Geracsekova  |f Knihy 
992 |a APH 
999 |c 183819  |d 183819